| 000 | 00553nam a2200181Ia 4500 | ||
|---|---|---|---|
| 008 | 240729s9999 xx 000 0 und d | ||
| 022 | _a2432-3853 | ||
| 245 | 0 | _aJournal of the Anus, Rectum and Colon | |
| 260 | _aJapan | ||
| 260 | _bThe Japan Society of Coloproctology | ||
| 650 | _a Diseases of the digestive system. Gastroenterology | ||
| 650 | _a Internal medicine | ||
| 650 | _a Specialties of internal medicine | ||
| 650 | _aMedicine | ||
| 856 | _uhttps://doaj.org/toc/5c47450b1797409ea4236f38876cff55 | ||
| 942 | _2ddc | ||
| 942 | _cDOAJEJ | ||
| 999 |
_c65848 _d65848 |
||
| 945 |
_a1 _bMadushi Gamage _c1 _dMadushi Gamage |
||